Normal view
MARC view
- Pullan P. & Archer J
Entry Personal Name
001 - CONTROL NUMBER
- control field: 195508
003 - CONTROL NUMBER IDENTIFIER
- control field: OSt
005 - DATE AND TIME OF LATEST TRANSACTION
- control field: 20230714214715.0
008 - FIXED-LENGTH DATA ELEMENTS
- fixed length control field: 230714|| aca||aabn | a|a d
040 ## - CATALOGING SOURCE
- Original cataloging agency: OSt
- Transcribing agency: OSt
100 ## - HEADING--PERSONAL NAME
- Personal name: Pullan P. & Archer J
670 ## - SOURCE DATA FOUND
- Source citation: Work cat.: (OSt)210609: Pullan P. 195507, Business Analysis And Leadership, 2013